| 000 | 01523nam a22003734a 4500 | ||
|---|---|---|---|
| 001 | ebr5006038 | ||
| 003 | CaPaEBR | ||
| 006 | m u | ||
| 007 | cr cn||||||||| | ||
| 008 | 010710s2001 ja ab sb i001 0 eng | ||
| 010 | _z 2001004006 | ||
| 020 | _z928081060X | ||
| 040 |
_aCaPaEBR _cCaPaEBR |
||
| 035 | _a(OCoLC)613402292 | ||
| 050 | 1 | 4 |
_aHT384.E18 _bG56 2001eb |
| 082 | 0 | 4 |
_a307.76/095 _221 |
| 245 | 0 | 0 |
_aGlobalization and the sustainability of cities in the Asia Pacific region _h[electronic resource] / _cedited by Fu-chen Lo and Peter J. Marcotullio. |
| 260 |
_aTokyo ; _aNew York : _bUnited Nations University Press, _cc2001. |
||
| 300 |
_axxvi, 505 p. : _bill., maps. |
||
| 504 | _aIncludes bibliographical references and index. | ||
| 533 |
_aElectronic reproduction. _bPalo Alto, Calif. : _cebrary, _d2013. _nAvailable via World Wide Web. _nAccess may be limited to ebrary affiliated libraries. |
||
| 650 | 0 |
_aUrbanization _zEast Asia. |
|
| 650 | 0 |
_aUrbanization _zPacific Area. |
|
| 650 | 0 |
_aCities and towns _zEast Asia _xGrowth. |
|
| 650 | 0 |
_aCities and towns _zPacific Area _xGrowth. |
|
| 650 | 0 |
_aSustainable development _zEast Asia. |
|
| 650 | 0 |
_aSustainable development _zPacific Area. |
|
| 650 | 0 | _aGlobalization. | |
| 655 | 7 |
_aElectronic books. _2local |
|
| 700 | 1 | _aLo, Fu-chen. | |
| 700 | 1 |
_aMarcotullio, Peter, _d1957- |
|
| 710 | 2 | _aebrary, Inc. | |
| 856 | 4 | 0 |
_uhttp://site.ebrary.com/lib/rucke/Doc?id=5006038 _zAn electronic book accessible through the World Wide Web; click to view |
| 999 |
_c21040 _d21040 |
||